LEADER 01289nam--2200397---450- 001 990002930660203316 005 20070523141330.0 010 $a88-7988-275-9 035 $a000293066 035 $aUSA01000293066 035 $a(ALEPH)000293066USA01 035 $a000293066 100 $a20070523d2004----km-y0itay50------ba 101 $aita$alat 102 $aIT 105 $a||||||||001yy 200 1 $a<> "Compilatio Avenionensis"$euna raccolta di testi francescani della prima meta del 14. secolo$fEnrico Menestò 210 $aSpoleto$cCentro italiano di studi sull'Alto Medioevo$d2004 215 $aP. 1424-1541$d26 cm 225 2 $aEstratti dagli Studi medievali$v16 300 $aEstr. da: Studi medievali, 44/3 (2003) 410 0$12001$aEstratti dagli Studi medievali$v16 454 1$12001 461 1$1001-------$12001 606 0 $aFrancescanesimo$zSec. 13.-14.$xTesti e documenti 676 $a271.302 700 1$aMENESTO,$bEnrico$0386548 801 0$aIT$bsalbc$gISBD 912 $a990002930660203316 951 $aV.5.A. 63$b191239 L.M.$cV.5.$d00122439 959 $aBK 969 $aUMA 979 $aVITALE$b90$c20070523$lUSA01$h1412 979 $aVITALE$b90$c20070523$lUSA01$h1413 996 $a"Compilatio Avenionensis"$91030434 997 $aUNISA LEADER 02193nam0 22004693i 450 001 CFI0084964 005 20251003044119.0 010 $a8815006273 100 $a20081010d1984 ||||0itac50 ba 101 | $aita 102 $ait 181 1$6z01$ai $bxxxe 182 1$6z01$an 200 1 $aˆLo ‰scambio complesso$egoverni, politiche industriali e imprese nei paesi avanzati$fdi Antonio Martelli 210 $aBologna$cIl mulino$d1984 215 $a356 p.$d22 cm. 225 | $aQuaderni de L'industria$v20 410 0$1001CFI0004132$12001 $aQuaderni de L'industria$v20 606 $aPolitica industriale$2FIR$3CFIC006705$9E 676 $a338.09$9EFFICIENZA PRODUTTIVA. EFFETTO DELLE INNOVAZIONI TECNOLOGICHE. STORIA, GEOGRAFIA, PERSONE$v23 676 $a338.9$9SVILUPPO ECONOMICO$v20 676 $a338.9$9SVILUPPO ECONOMICO$v21 686 $a330.0$cSTORIA ECONOMICA E SOCIALE 1945-1968$2R 686 $a330.2$cINDUSTRIA 1945-1968$2R 686 $a331.0$cSVILUPPO ECONOMICO 1945-1968$2R 686 $a430.0$cSTORIA ECONOMICA E SOCIALE 1968-1989$2R 686 $a430.2$cINDUSTRIA 1968-1989$2R 686 $a431.0$cSVILUPPO ECONOMICO 1968-1989$2R 686 $aIT/3432.0$cINDUSTRIA ITALIA 1945-1968$2R 686 $aIT/3432.1$cPOLITICA E LEGISLAZIONE INDUSTRIALE ITALIA 1945-1968$2R 686 $aIT/4432.0$cINDUSTRIA ITALIA 1968-1989$2R 686 $aIT/4432.1$cPOLITICA E LEGISLAZIONE INDUSTRIALE ITALIA 1968-1989$2R 700 1$aMartelli$b, Antonio$f <1936- >$3CFIV012095$4070$067229 801 3$aIT$bIT-000000$c20081010 850 $aIT-BN0095 $aIT-NA0457 901 $bNAP BI$cSALA 1 $nLibri da 1 a 960 901 $bNAP 01$cPOZZO LIB.$nVi sono collocati fondi di economia, periodici di ingegneria e scienze, periodici di economia e statistica e altri fondi comprendenti documenti di economia pervenuti in dono. 912 $aCFI0084964 950 0$aBiblioteca Centralizzata di Ateneo$c1 v.$d 01POZZO LIB.F. SANTI 447$e 0101 0060032255E VMA 1 v. (Precedente collocazione S 265)$fB $h20221111$i20221111 977 $a 01$a BI 996 $aScambio complesso$947055 997 $aUNISANNIO